000 nam a22 7a 4500
999 _c10221
_d10221
008 180213b ||||| |||| 00| 0 eng d
100 _aCCE,Goyals.Bro
_96215
245 _aMathematics-X
260 _aNew Delhi
_bAmanda
_c2012